Wymień wszystkie planety - Statystyki

Ogólne statystyki
  • Ten quiz został rozwiązany 650 razy
  • Średni wynik to 8 z 8
Statystyki odpowiedzi
Odpowiedź % Poprawnych
ziemia
100%
mars
98%
jowisz
97%
saturn
95%
neptun
94%
merkury
92%
uran
92%
wenus
89%
Nie znaleziono quizów pasujących do podanych kryteriów
Rozkład punktacji
Procent ludzi z każdym wynikiem
Percentyl według liczby udzielonych odpowiedzi
Twoja historia wyników
Nie rozwiązałeś tego quizu